Himnario Patriótico
Gespeichert in:
| 1. Verfasser: | |
|---|---|
| Format: | Buch |
| Sprache: | Spanisch |
| Erschienen: |
Santiago
Imprenta Universitaria
1914
|
| Katalog: | MANES: Suchergebnis im Bibliothekskatalog |
| Schulbuchspezifische Eigenschaften: |
|
| Tags: |
Tag hinzufügen
Keine Tags, Fügen Sie den ersten Tag hinzu!
|
| Hinzugefügt zu: | 06.12.2023 |
| Geändert in: | 25.04.2025 |
MARC
| LEADER | 00000nam a22000007a 4500 | ||
|---|---|---|---|
| 005 | 20250425101554.0 | ||
| 008 | 231207b |||||||| |||| 00| 0 spa d | ||
| 040 | |a MGM | ||
| 100 | |9 41521 |a Parraguez, Ismael |e autor | ||
| 245 | |a Himnario Patriótico | ||
| 260 | |a Santiago |b Imprenta Universitaria |c 1914 | ||
| 300 | |a 64 pp. |c 12,5 x 18 cm. | ||
| 546 | |a Chile | ||
| 561 | |5 cl-MGM |3 T 780 P258h 1914/c1 |a Chile. Museo Gabriela Mistral |k MANES | ||
| 690 | |a EA | ||
| 691 | |a SE | ||
| 942 | |2 ddc |c BK | ||
| 999 | |c 101006 |d 101006 | ||
| 999 | |c manes:101006 |d 101006 | ||